|
|
|
|
| LEADER |
00982aam a22003618a 4500 |
| 001 |
00036903 |
| 005 |
20171026081023.0 |
| 008 |
170405s2010 ||||||Viesd |
| 041 |
0 |
# |
|a Vie
|
| 082 |
1 |
4 |
|a 787.87
|b NH556NH
|
| 100 |
1 |
# |
|a Trần, Thế Kỷ
|
| 245 |
1 |
0 |
|a Những nhạc phẩm nổi tiếng soạn cho Guitar cổ điển
|c Trần Thế Kỷ
|n Tập 2
|
| 260 |
# |
# |
|a Hà Nội
|b Thanh Niên
|c 2010
|
| 300 |
# |
# |
|a 79tr.
|c 27 cm.
|
| 653 |
# |
# |
|a Guitar
|
| 653 |
# |
# |
|a Thực Hành
|
| 653 |
# |
# |
|a Tác phẩm
|
| 653 |
# |
# |
|a Âm nhạc
|
| 653 |
# |
# |
|a Đại học
|
| 852 |
# |
# |
|b Kho mượn
|j KM.0020750, KM.0020895
|
| 852 |
# |
# |
|b Kho đọc
|j KD.0019767
|
| 852 |
# |
# |
|j KD.0019767
|j KM.0020895
|j KM.0020750
|
| 910 |
|
|
|d 05/04/2017
|
| 980 |
# |
# |
|a Trung tâm Học liệu Lê Vũ Hùng, Trường Đại học Đồng Tháp
|